000 00330nam a2200133Ia 4500
100 _aBelove/A/ Schilling/D
942 _cBK
654 _adigital
245 _aDigital and analog system circuits and devices
260 _bInternational student ed.
_aSingapore
_c1986
082 _a621.3
_bBEL
300 _a465
546 _aENGLISH
999 _c19657
_d19657